Cien años del carbón de Lota 1852-septiembre-1952: antecedentes históricos, monografía y estudios sobre el desarrollo industrial, económico y social de las minas carboníferas de Lota en su primer siglo de vida

Kaydedildi:
Detaylı Bibliyografya
Asıl Yazarlar: Astorquiza, Octavio (Yazar), Galleguillos V., Oscar (Yazar)
Materyal Türü: Kitap
Dil:İspanyolca
Baskı/Yayın Bilgisi: Lota Compañia Carbonífera e Industrial de Lota 1952
Konular:
Etiketler: Etiketle
Etiket eklenmemiş, İlk siz ekleyin!

MARC

LEADER 00000nam a2200000 a 4500
001 UCV9813
003 CL-VaPUC
008 930519e19520000CL |||||||||||||||||spa|d
082 0 4 |a 983.4  |b AST  |2 21 
100 0 |a Astorquiza, Octavio  |e author  |9 303820 
700 0 |a Galleguillos V., Oscar  |e author  |9 303821 
245 1 0 |a Cien años del carbón de Lota 1852-septiembre-1952: antecedentes históricos, monografía y estudios sobre el desarrollo industrial, económico y social de las minas carboníferas de Lota en su primer siglo de vida 
300 |a 270 p 
942 |c BK 
945 |d 19930519 00:00:00 
260 |a Lota  |b Compañia Carbonífera e Industrial de Lota  |c 1952 
600 0 7 |a COMPAÑIA CARBONIFERA E INDUSTRIAL DE LOTA  |2 CL-VaPUC  |9 268754 
650 7 |a CARBON  |2 CL-VaPUC  |9 268755 
651 7 |a CHILE  |2 CL-VaPUC  |9 303822 
583 |a last modification  |c 20160602 17:23:45  |k Rodrigo Vera 
999 |c 215099  |d 215097 
952 |0 0  |1 0  |4 0  |6 983_400000000000000_AST_1952  |7 0  |8 P  |9 199072  |a BIBARQ  |b BIBARQ  |d 2019-11-14  |i 266397K  |l 1  |o 983.4 AST 1952  |p 266397K  |r 2025-04-10  |s 2025-04-01  |w 2019-11-14  |y BK  |k ARQ